Combustion Characteristics of Lakhra Coal Using CWS Techniques (Record no. 58547)

MARC details
000 -LEADER
fixed length control field 00413nam a2200157Ia 4500
100 ## - MAIN ENTRY--AUTHOR NAME
Personal name 09ME40
100 ## - MAIN ENTRY--AUTHOR NAME
Personal name Anees Abbas Larik
245 #0 - TITLE STATEMENT
Title Combustion Characteristics of Lakhra Coal Using CWS Techniques
260 ## - PUBLICATION, DISTRIBUTION, ETC. (IMPRINT)
Place of publication Nawabshah
260 ## - PUBLICATION, DISTRIBUTION, ETC. (IMPRINT)
Name of publisher QUEST
260 ## - PUBLICATION, DISTRIBUTION, ETC. (IMPRINT)
Year of publication 2009
300 ## - PHYSICAL DESCRIPTION
Number of Pages 69
700 ## - ADDED ENTRY--PERSONAL NAME
Personal name Department of Mechanical Engineering
Holdings
Withdrawn status Lost status Home library Current library Date acquired Accession Number Koha item type
    Central Library, QUEST, Nawabshah Research Section 25/04/2018 MEP/23-282 Thesis and Dissertation